| 000 | 00573nam a22002057a 4500 | ||
|---|---|---|---|
| 999 |
_c5664 _d5664 |
||
| 003 | OSt | ||
| 005 | 20220519125743.0 | ||
| 008 | 220519b ||||| |||| 00| 0 eng d | ||
| 020 | _a- | ||
| 040 | _cALUPE UNIVERSITY | ||
| 050 |
_aRD82.5 _b.A53 1990 |
||
| 245 |
_aProblems in Anesthesia : _bChronic Pain |
||
| 260 |
_aU.S.A. _bJ. B. Lippincott Company _cc1990. |
||
| 300 |
_avii, 690p. ; _bill; _c26cm. |
||
| 440 | _aProblems in Anesthesia | ||
| 504 | _aIncludes index. | ||
| 650 | _aChronic Pain. | ||
| 700 | _aHare, Bradford D. and Fine, Perry G. | ||
| 942 |
_2lcc _cBK _nCM |
||